Načítá se...
Food enough or starvation for millions /
| Další autoři: | |
|---|---|
| Médium: | Printed Book |
| Jazyk: | English |
| Vydáno: |
New Delhi:
Tata Mc Graw Hill,
1977.
|
| LEADER | 00546 a2200133 4500 | ||
|---|---|---|---|
| 008 | 100208b ||||| |||| 00| 0 eng d | ||
| 082 | |a 338.19 | ||
| 100 | |a | ||
| 245 | |a Food enough or starvation for millions / |c edited by Douglas Ensminger | ||
| 260 | |b Tata Mc Graw Hill, |a New Delhi: |c 1977. | ||
| 700 | |a Ensminger, Douglas. |c Editor | ||
| 942 | |c BK | ||
| 999 | |c 310699 |d 310699 | ||
| 952 | |0 0 |1 0 |2 ddc |4 0 |6 338_190000000000000_ENS_FO |7 0 |9 356791 |a ECN |b ECN |c ST1 |d 2010-09-07 |e Minerva Bookstall, Trichur |g 0.00 |i 1210 |l 0 |o 338.19 ENS/FO |p ECN1210 |r 2010-09-07 |w 2010-09-07 |y BK | ||